Top 20 - pays par incidence de cancer - Statistiques

Statistiques générales
  • Ce quiz a été pris 53 fois
  • Le résultat moyen est 10 sur 20
Statistiques - réponses
Nombre total Cas de cancer/100 000 personnes Réponse % Correct
1 756 921 297.3 États-Unis
96%
422 828 320.1 France
96%
1 017 282 282.9 Japon
79%
409 228 296.1 Royaume-Uni
77%
141 182 312.3 Australie
70%
212 719 287.4 Canada
70%
74 162 322.8 Belgique
66%
32 655 312.3 Norvège
55%
114 601 315.1 Pays-Bas
53%
27 067 326.6 Irlande
47%
39 996 334.9 Danemark
45%
25 001 284.1 Croatie
30%
25 663 295.3 Nouvelle-Zélande
30%
29 480 290.4 Slovaquie
28%
13 572 300.2 Slovénie
28%
62 399 321.6 Hongrie
26%
16 561 287.5 Lituanie
26%
12 051 296.1 Lettonie
23%
47 342 291.6 Serbie
21%
1 147 306.4 {Nouvelle-Calédonie} (Collectivité d'outre-mer française)
15%
Aucun quiz correspondant
Distribution des résultats
% des personnes avec chaque résultat
Percentile par nombre de réponses
Votre historique - résultats
Vous n’avez pas pris ce quiz